| 000 | 00562nam a22001937a 4500 | ||
|---|---|---|---|
| 003 | OSt | ||
| 005 | 20140310182022.0 | ||
| 008 | 130801t xxu||||| |||| 00| 0 eng d | ||
| 020 | _a1903327288 | ||
| 050 |
_aBT 966.2 _b.B877 2001 |
||
| 082 |
_aTR 235.3 _bB81 2001 |
||
| 100 |
_aBrown, Denise Whichello _97152 |
||
| 245 |
_aA Comprehensive Guide to Angel Theraphy / _cDenise Whichello Brown. |
||
| 260 |
_aEngland : _bD&S Books, _cc2001. |
||
| 300 |
_a128 p. : _bcol. ill. ; _c29 cm. |
||
| 650 |
_a Angels. _97153 |
||
| 942 |
_2lcc _cBK-TR _kTR |
||
| 999 |
_c8381 _d8381 |
||